| 000 | 01451nam a2200253Ii 4500 | ||
|---|---|---|---|
| 008 | 221202s xx 000 0 und d | ||
| 245 | 0 | _aMigration and Citizenship | |
| 246 | _aLegal Status, Rights and Political Participation | ||
| 264 |
_bAmsterdam University Press _c2006 |
||
| 300 | _a1 online resource (128 pages) | ||
| 336 |
_atext _btxt _2rdacontent |
||
| 337 |
_acomputer _bc _2rdamedia |
||
| 338 |
_aonline resource _bcr _2rdacarrier |
||
| 490 | _aIMISCoe Reports | ||
| 520 | _aCitizenship is frequently invoked both as an instrument and goal of immigrant integration. Yet, in migration contexts, citizenship also marks a distinction between members and outsiders based on their different relations to particular states. A migration perspective highlights the boundaries of citizenship and political control over entry and exit as well as the fact that foreign residents remain in most countries deprived of core rights of political participation. This book summarizes current theories and empirical research on the legal status and political participation of migrants in European democracies. | ||
| 653 | _aCitizenship | ||
| 653 | _aEuropean Union Citizenship | ||
| 653 | _aPolitical Participation | ||
| 653 | _aSociology | ||
| 653 | _aVoting Rights | ||
| 700 | 1 | _aBauböck, Rainer | |
| 856 | _uhttps://library.oapen.org/bitstream/20.500.12657/35168/1/340174.pdfhttp://library.oapen.org/handle/20.500.12657/35168 | ||
| 942 | _cE-BOOK | ||
| 999 |
_c64090 _d64090 |
||